000 00664nam a22002177a 4500
003 UA-OsUOA
001 79138
007 ta
008 20111103b un ||||| |||| 00| 0 ukr d
100 _aГнот С.І,
090 _a94(477)
_bГ56
942 _cSA
040 _aUA-OsUOA
_bukr
_cUA-OsUOA
_dUA-OsUOA
245 _aКультура доброчинності як вияв гуманізму: греко-католицька церква в Другій Речі Посполитій
300 _aС.48-54
955 _a0
041 _aukr
080 _a94(477)
773 0 _w79129
650 7 _a9 Географія. Біографії. Історія
_2UDC
999 _c365457
_d365457